Walk The Talk (Record no. 41176)

MARC details
000 -LEADER
fixed length control field 00338nam a2200133Ia 4500
008 - FIXED-LENGTH DATA ELEMENTS--GENERAL INFORMATION
fixed length control field 240719s9999 xx 000 0 und d
041 ## - LANGUAGE CODE
Language code of text/sound track or separate title eng
082 ## - DEWEY DECIMAL CLASSIFICATION NUMBER
Classification number 828 GUP
100 ## - MAIN ENTRY--PERSONAL NAME
Personal name Gupta, Shekhar
245 ## - TITLE STATEMENT
Title Walk The Talk
260 ## - PUBLICATION, DISTRIBUTION, ETC.
Place of publication, distribution, etc. New Delh
Name of publisher, distributor, etc. Rupa
Date of publication, distribution, etc. 2017
300 ## - PHYSICAL DESCRIPTION
Extent 354 P.; 24 Cm.
520 ## - SUMMARY, ETC.
Summary, etc. Faculty Purchase For LRC/ Prof. J Sharma
Holdings
Withdrawn status Lost status Damaged status Not for loan Home library Current library Shelving location Date acquired Total Holds Full call number Barcode Date last seen Price effective from Koha item type Public note
        IMTN IMTN Rack 42-A 03/17/2023 4933 828 GUP 32871 07/19/2024 10/01/2023 Books Gifted
Designed & Maintained by: LRC IMT Nagpur Contact: lrc@imtnag.ac.in© 2024. All Rights Reserved.